Execution, Monitoring, and Rebalancing; Evaluation and Attribution; and Global Investment Performance Standards (GIPS) (Record no. 1294)

000 -LEADER
fixed length control field 00667nam a22002057a 4500
003 - CONTROL NUMBER IDENTIFIER
control field OSt
005 - DATE AND TIME OF LATEST TRANSACTION
control field 20210501122152.0
008 - FIXED-LENGTH DATA ELEMENTS--GENERAL INFORMATION
fixed length control field 210210s2011 ||||| |||| 00| 0 eng d
020 ## - INTERNATIONAL STANDARD BOOK NUMBER
International Standard Book Number 9781427736109
020 ## - INTERNATIONAL STANDARD BOOK NUMBER
International Standard Book Number 1427736103
040 ## - CATALOGING SOURCE
Original cataloging agency eng
Language of cataloging eng
Transcribing agency DLC
041 ## - LANGUAGE CODE
Language code of text/sound track or separate title eng
080 ## - UNIVERSAL DECIMAL CLASSIFICATION NUMBER
Universal Decimal Classification number 336
Item number K-20
245 ## - TITLE STATEMENT
Title Execution, Monitoring, and Rebalancing; Evaluation and Attribution; and Global Investment Performance Standards (GIPS)
Remainder of title : SchweserNotes for the CFA Exam / Level III / Book 5
Statement of responsibility, etc. / by: Kaplan Schweser
260 ## - PUBLICATION, DISTRIBUTION, ETC.
Place of publication, distribution, etc. USA
Name of publisher, distributor, etc. Kaplan Schweser
Date of publication, distribution, etc. 2011
300 ## - PHYSICAL DESCRIPTION
Extent 276 p.
Other physical details ill.
650 #0 - SUBJECT ADDED ENTRY--TOPICAL TERM
9 (RLIN) 454
Topical term or geographic name entry element Finances
653 ## - INDEX TERM--UNCONTROLLED
Uncontrolled term ფინანსები
942 ## - ADDED ENTRY ELEMENTS (KOHA)
Source of classification or shelving scheme
Koha item type Books
Holdings
Withdrawn status Lost status Source of classification or shelving scheme Damaged status Not for loan Permanent location Current location Date acquired Inventory number Total Checkouts Full call number Barcode Date last seen Price effective from Koha item type
          Ken Walker International University Ken Walker International University 02/10/2021 1423   336 K-20 1423 02/10/2021 02/10/2021 Books

Powered by Koha